| 000 | 01438nam0a22002771 4500 | ||
|---|---|---|---|
| 001 | rc\2706331 | ||
| 005 | 20230522203552.0 | ||
| 035 | _a(NLR Aleph) 006834382 | ||
| 090 |
_a6578883 _c6578883 |
||
| 100 | _a20110915d1934 |||y0rusy50 ca | ||
| 101 | 1 |
_arus _cger |
|
| 102 | _aRU | ||
| 105 | _aae z ||||| | ||
| 200 | 1 |
_aКоличественный органический микроанализ _fФ. Прэгль _gПер. с 3 нем. изд. Ф. Н. Степанова и В. К. Матвеева |
|
| 210 |
_aМосква _aЛенинград _cГосхимтехиздат _d1934 _eЛенинград _gтип. им. Евг. Соколовой |
||
| 215 |
_aПереплет, 203 с. _cил. _d23х16 см. |
||
| 300 | _aДоб. тит. л.: "Fritz Pregl dr. med. und dr. phil. H. C., o. ö. professor der medizinischen chemie und vorstand des Medizinisch-chemischen instituts an der Universität Graz, korrespondierendes mitglied der Akademie der wissenschaften in Wien. Die quantitative organische mikroanalyse. 3 durchgesehene, wesentlich vermehrte und zum teil umgearbeitete auflage mit 51 textabbildungen. Verlag von Julius Springer. Berlin. 1930" | ||
| 700 | 1 |
_aПрегль _bФ. _f1869-1930 _gФриц |
|
| 702 | 1 |
_aМатвеев _bВ. К. _4730 |
|
| 702 | 1 |
_aСтепанов _bФ. Н. _4730 |
|
| 801 | 0 |
_aRU _bNLR _gpsbo |
|
| 801 | 1 |
_aRU _bELAR _2rusmarc |
|
| 852 |
_aNLR _j34-4/1326 |
||
| 942 | _cBOOK | ||
| 980 | _aNB | ||